Aristotelis Stagiratae Rhetoricorvm Ad Theodect. Libri III. Quos Carolus Sigonius, & M. Anton. Maioragius vertebat. De Rhetorica ad Alexan. lib. De Arte Poetica liber. Argumenta, distributiones methodicae, & explanationes ex Ioan Marinelli scriptis in tres priores lib. Cvm Proprio Indice Pars Secvnda

Bibliographic Details
Main Author: Aristoteles, 384 pred Kr.-322 pred Kr (Author)
Corporate Author: Moretti, Niccolò (Benátky, Taliansko) (Printer)
Other Authors: Moretti, Niccoló, 16.-17. storočie (Printer)
Format: Book
Language:Latin
PhysicalDescription:799 strán, [12] listov 12° 12 cm
Published: Venetiis Apud Nicolaum Morettum M D LXXXV. [=1585]
Subjects:

MARC

LEADER 00000nam a2200000 a 4500
001 vtls011862928
003 SK-MaSNL
005 20260302022356.0
008 251112 1585 it 001 0 lat
015 |a SNBHFA1585 
020 |q (viaz.) 
035 |a urn:nbn:sk:snk-am00eeua 
035 |a urn:nbn:sk:snk-am3ii1l 
035 |a 111E577F-2329-4194-B960-8DB35AD60479 
040 |a SNKHF  |b slo  |c SNKHFA  |e AACR2 
041 |a lat 
044 |a it  |c IT 
072 7 |a 81  |x Lingvistika. Jazyky  |2 konspekt 
080 |a 808.5  |2 2011 
080 |a 81'1  |2 2011 
100 0 |a Aristoteles,  |d 384 pred Kr.-322 pred Kr  |4 aut  |9 186400 
245 1 0 |a Aristotelis Stagiratae Rhetoricorvm Ad Theodect. Libri III. Quos Carolus Sigonius, & M. Anton. Maioragius vertebat. De Rhetorica ad Alexan. lib. De Arte Poetica liber. Argumenta, distributiones methodicae, & explanationes ex Ioan Marinelli scriptis in tres priores lib. Cvm Proprio Indice  |n Pars Secvnda 
260 |a Venetiis  |b Apud Nicolaum Morettum  |c M D LXXXV. [=1585] 
300 |a 799 strán, [12] listov  |c 12°  |c 12 cm 
500 |a Vinety, vlys, iniciálky v ornamentálnom priestore v rámčeku na 8 riadkov, kustody 
508 |a Predslov 
510 4 |a CNCE 70910 
546 |a Latinčina  |b Kurzíva 
550 |a Tlačiarenské údaje doplnené z kolofónu 
561 |a Z knižnice františkánov v Hlohovci.  |5 SNK IE 10429 
561 |a Proveniencia: Okrúhla pečiatka Sigillum ordinis fratrum minorum conventus Frašták.  |5 SNK IE 10429 
563 |a Väzba: svetložltá koža, poškodená, stopy po kožených šnúrkach.  |5 SNK IE 10429 
650 0 7 |a rétorika  |2 SNKPH  |9 989 
650 0 7 |a lingvistika  |2 SNKPH  |9 860 
700 1 |a Moretti, Niccoló,  |d 16.-17. storočie  |4 prt  |9 129311 
710 1 |a Františkáni (Hlohovec, Slovensko)  |4 fmo  |9 276373 
710 0 |a Moretti, Niccolò (Benátky, Taliansko),  |d 1583-1608  |4 prt  |9 531000 
752 |a Taliansko  |d Benátky 
852 |a snk  |b Historické fondy  |p IE 10429 
958 |a ONDV 
999 |c 1032521  |d 1034451 
952 |t Fr Hl 219c  |a SNK  |b SNK  |c SNK_HF  |y PREZ  |7 0  |p 17A1355359  |o snkIE 10429  |i snk2019/11877  |8 5  |0 0  |1 0  |4 0  |d 2019-04-25  |f 1  |l 0  |r 2026-02-24 13:58:54  |w 2026-02-24